000 00830cam a2200277 a 4500
001 3181
005 20240215160139.0
020 _a9780439114233
040 _aInEc
_cInEc
_dTUW
_dDLC
_beng
050 0 0 _aPZ7.K2253
082 0 0 _a813
100 1 _aKeats, Ezra Jack
245 1 0 _aWhistle for Willie /
_cKeats, Ezra Jack
250 _aFirst Scholastic printing , September 1999
260 _aNew York :
_bScholastic ,
_c1964
300 _a28 unnumbered pages :
_bcolor illustrations ;
_c20 cm .
505 _aJ
520 _aA little boy wishes so much he could whistle.
521 _a490
_bLexile
521 _aJ
_bRaz-Plus
650 1 _aWhistling
_vFiction.
650 1 _aAfrican Americans
_vFiction.
650 1 _aDogs
_vFiction.
906 _a7
_bcbc
_ccopycat
_d3
_eopcn
_f19
_gy-gencatlg
942 _2ddc
_cBK
_n0
999 _c3181
_d3181